Systemic lupus erythematosus. Disease outcome in patients with a disease duration of at least 10 years second evaluation /

Elmentve itt :
Bibliográfiai részletek
Szerzők: Schwaak A. J. G.
van den Brink H. G.
Smeenk R. J. T.
Manger K.
Kalden J. R.
Tosi S.
Domljan Z.
Rozman B.
Logar D.
Pokorny Gyula
Kovács László
Kovács Attila
Kiss Emese
Dokumentumtípus: Cikk
Megjelent: 2001
Sorozat:LUPUS 10 No. 1
doi:10.1191/096120301666282314

mtmt:151905
Online Access:http://publicatio.bibl.u-szeged.hu/15981
LEADER 01112nab a2200337 i 4500
001 publ15981
005 20221104122355.0
008 190704s2001 hu o 0|| angol d
022 |a 0961-2033 
024 7 |a 10.1191/096120301666282314  |2 doi 
024 7 |a 151905  |2 mtmt 
040 |a SZTE Publicatio Repozitórium  |b hun 
041 |a angol 
100 1 |a Schwaak A. J. G. 
245 1 0 |a Systemic lupus erythematosus. Disease outcome in patients with a disease duration of at least 10 years  |h [elektronikus dokumentum] :  |b second evaluation /  |c  Schwaak A. J. G. 
260 |c 2001 
300 |a 51-58 
490 0 |a LUPUS  |v 10 No. 1 
700 0 2 |a van den Brink H. G.  |e aut 
700 0 2 |a Smeenk R. J. T.  |e aut 
700 0 2 |a Manger K.  |e aut 
700 0 2 |a Kalden J. R.  |e aut 
700 0 2 |a Tosi S.  |e aut 
700 0 2 |a Domljan Z.  |e aut 
700 0 2 |a Rozman B.  |e aut 
700 0 2 |a Logar D.  |e aut 
700 0 2 |a Pokorny Gyula  |e aut 
700 0 2 |a Kovács László  |e aut 
700 0 2 |a Kovács Attila  |e aut 
700 0 2 |a Kiss Emese  |e aut 
856 4 0 |u http://publicatio.bibl.u-szeged.hu/15981/1/SchwaakLupus2001.pdf  |z Dokumentum-elérés